000 00550nam a2200169Ia 4500
005 20250923145840.0
008 008 250917s9999 xx 000 0 eng d
037 _aReference
040 _aDSWL
_beng
_cDSWL
041 _aeng
_2eng
084 _aYX;5.27'N72, N87;1
_qDSWL
245 0 _aHandbook on social welfare statistics 1986
_c by Social Welfare Govt. of India
260 _aNew Delhi
_b Govt. of India Ministry of welfare
_c1987
300 _axviii,507,3p.
942 _cREF
_hYX;5.27'N72, N87;1
999 _c1456458
_d1456458